Sabrina Carpenter - Paroles When Did You Get Hot? - Statistiques

Statistiques générales
  • Ce quiz a été pris 63 fois
  • Le résultat moyen est 347 sur 398
Statistiques - réponses
Hint Réponse % Correct
"Huh?"
100%
huh,
100%
huh
100%
huh)
100%
Post-refrain Uh
100%
uh
100%
(Uh
100%
did
98%
get
98%
get,
98%
hot
98%
hot?
98%
(Hot)
98%
(Mhm)
98%
mm,
98%
mm
98%
Couplet 1 So
98%
so
98%
the
98%
(the
98%
Outro | Refrain When
98%
when
98%
you
98%
You
98%
a
95%
I
95%
Oh
95%
oh
95%
(Ooh
95%
ooh)
95%
(Ooh)
95%
ooh,
95%
an
93%
like,
93%
your
93%
And
90%
and
90%
My
90%
my
90%
can
88%
I'm
88%
man
88%
on
88%
to
88%
all
85%
(all
85%
sexy
85%
was
85%
don't
83%
kid,
83%
know
83%
not
83%
sudden?
83%
ugly
83%
were
83%
you're
83%
Baby,
80%
baby,
80%
but
80%
day
80%
day)
80%
had
80%
long,
80%
"Sabrina,
80%
see
80%
take,
80%
take
80%
Take
80%
than
80%
that
80%
(that
80%
triple
80%
with
80%
at
78%
car
78%
hand?
78%
if
78%
look
78%
me
78%
remember
78%
Said,
78%
Zeus's
78%
back
75%
Big
75%
bigger
75%
Couplet 2 Congratulations
75%
could
75%
Devin?"
75%
double
75%
face
75%
face)
75%
friends
75%
friends'
75%
in
75%
lift
75%
new
75%
Pré-refrain Now
75%
Pré-refrain Sorry,
75%
think
75%
vision
75%
vision)
75%
bet
73%
rodeo
73%
up
73%
light
70%
naked
70%
place
70%
Twister
70%
untouched
70%
wait,
70%
Wait,
70%
would
70%
direction
68%
down
68%
has
68%
walk
68%
it
65%
prospect
65%
Thank
65%
convention
63%
fine
63%
improvements
63%
Lord,
63%
risen
63%
risen)
63%
need
60%
time
60%
grow
58%
minute
58%
minute,
58%
plot
58%
it's
55%
dry,
53%
Okay,
53%
horse
50%
plant
50%
Bone
48%
thickening
48%
coming,
45%
rod's,
45%
here
43%
(Hey)
43%
Hey,
43%
(Yeah)
43%
'Bout
40%
riff
40%
comes
38%
(Damn)
18%
(What?)
10%
Aucun quiz correspondant
Distribution des résultats
% des personnes avec chaque résultat
Percentile par nombre de réponses
Votre historique - résultats
Vous n’avez pas pris ce quiz